Statistics for Colors that begin with the letter A

Click here to take the quiz!

General Stats

  • This quiz has been taken 1,320 times
    (1,311 since last reset)
  • The average score is 4 of 13

Answer Stats

HintAnswer% Correct
Aqua
74%
Auburn
52%
Aquamarine
50%
Amber
45%
Azure
42%
Apple
35%
Apricot
32%
Amethyst
27%
Ash
22%
Avocado
17%
Asparagus
15%
Amaranth
11%
Alizarin
7%

Score Distribution

Percentile by Number Answered

Percent of People with Each Score

Your Score History

You have not taken this quiz since the last reset